Managing marketing : (Record no. 139590)

MARC details
000 -LEADER
fixed length control field 00815nam a22002177a 4500
005 - DATE AND TIME OF LATEST TRANSACTION
control field 20170508144711.0
020 ## - INTERNATIONAL STANDARD BOOK NUMBER
Terms of availability 849.00
International Standard Book Number 97881265485514
035 ## - SYSTEM CONTROL NUMBER
System control number B-669752
037 ## - SOURCE OF ACQUISITION
Source of stock number/acquisition Asian Book Centre/Ven
Stock number dpl
037 ## - SOURCE OF ACQUISITION
Source of stock number/acquisition DBAD/PUB
082 ## - DEWEY DECIMAL CLASSIFICATION NUMBER
Classification number 658.2
100 ## - MAIN ENTRY--PERSONAL NAME
Personal name Capon, Noel
245 ## - TITLE STATEMENT
Title Managing marketing :
Statement of responsibility, etc by Noel Capon [and] Siddharth Shekhar Singh
Remainder of title an applied approach /
260 ## - PUBLICATION, DISTRIBUTION, ETC. (IMPRINT)
Place of publication, distribution, etc New Delhi
Name of publisher, distributor, etc Wiley India
Date of publication, distribution, etc 2014
270 ## - ADDRESS
Address 4435-36/7, Ansari Road, Daryaganj,
City New Delhi
Postal code 110002
300 ## - PHYSICAL DESCRIPTION
Extent various pagings :
Dimensions 28cm(pbk)
Other physical details ill.
500 ## - GENERAL NOTE
General note Includes index
700 ## - ADDED ENTRY--PERSONAL NAME
Personal name Siddharth Shekhar Singh
942 ## - ADDED ENTRY ELEMENTS (KOHA)
Source of classification or shelving scheme Dewey Decimal Classification
Item type English Books
Classification part 658.2
Call number suffix CAP
Holdings
Withdrawn status Lost status Not for loan Collection code Home library Current library Date acquired Source of acquisition Cost, normal purchase price Full call number Barcode Copy number Cost, replacement price Koha item type
      Non-fiction Ashok Vihar Ashok Vihar 08/05/2017 BPPD/EN/2015-16/AV/16-17/387/15.2.2017/5077/9.3.2017/24.3.2017 849.00 658.2 CAP B-669752 1 849.00 English Books

© Delhi Public Library
Hit Counter
free hit counter